Instituto del Teatro : Escuela Superior de Arte Dramático Escuela Superior de Arte Dramático
Descripción Física:
10 p. ; 24 cm
MARC
| LEADER | 00000nam a2200000Ia 4500 | ||
|---|---|---|---|
| 001 | 17957 | ||
| 003 | BGR | ||
| 005 | 20260324175328.0 | ||
| 008 | 160829s1965 xx 000 0 cat d | ||
| 080 | |a FU-49-20 | ||
| 110 | 2 | |a Instituto del Teatro (Barcelona, Catalunya) |9 54846 | |
| 245 | |a Instituto del Teatro : |b Escuela Superior de Arte Dramático | ||
| 260 | |a Barcelona : |b Diputación Provincial de Barcelona, |c 1965 | ||
| 300 | |a 10 p. ; |c 24 cm | ||
| 590 | |a A la coberta: Director: Guillermo Díaz-Plaja, Secretario: Monserrate Galmés Melis | ||
| 610 | 1 | 0 | |a Institut del Teatre (Barcelona, Catalunya) |9 52662 |
| 700 | 1 | |a Díaz-Plaja, Guillermo, |d 1909-1984 |e director editorial |9 20224 | |
| 700 | |a Galmés Melis, Monserrate |9 27240 | ||
| 710 | 1 | |a Barcelona (Catalunya : Província). |b Diputació |9 52408 | |
| 901 | |a Arxiu | ||
| 942 | |n 1 |2 udc |c MON | ||
| 952 | |0 0 |1 0 |4 0 |6 FU4920 |7 1 |9 44324 |a Arxiu |b Arxiu |d 2016-12-01 |l 0 |o FU-49-20 |p 17957 |r 2016-12-01 00:00:00 |w 2016-12-01 |y ARXIU | ||
| 999 | |c 46904 |d 46904 | ||